000 00321nam a22001457a 4500
008 231016b ||||| |||| 00| 0 eng d
020 _a9780745651705
041 _aeng
080 _a159.9
082 _a159.9GIL
100 _a25
101 _aPSI
245 _aJOIMIMG THE RESISTANCE
_cGILLIGAN .C
942 _2udc
_cBK
999 _c60454
_d60454